| Tag |
First Indicator |
Second Indicator |
Subfields |
| LEADER |
00000cam a2200000Ia 4500 |
| 001 |
in00002653621 |
| 005 |
20151202113257.0 |
| 008 |
101104s2010 paua b 001 0 eng d |
| 020 |
|
|
|a 9781606180037 (v.1)
|
| 020 |
|
|
|a 1606180037 (v.1)
|
| 020 |
|
|
|a 9781606180068 (v.2)
|
| 020 |
|
|
|a 1606180061 (v.2)
|
| 035 |
|
|
|a (OCoLC)ocn677848001
|
| 035 |
|
|
|a (OCoLC)677848001
|
| 040 |
|
|
|a SUC
|c SUC
|d MTG
|d XII
|d IXA
|d TXA
|d UtOrBLW
|
| 041 |
1 |
|
|a eng
|a lat
|h lat
|h ara
|
| 049 |
|
|
|a TXAM
|
| 050 |
|
4 |
|a QC353
|b .A44213 2010
|
| 082 |
0 |
4 |
|a 535
|2 22
|
| 090 |
|
|
|a Q11
|b .P6 v.100, pt.3
|
| 100 |
0 |
|
|a Alhazen,
|d 965-1039.
|
| 245 |
1 |
0 |
|a Alhacen on refraction :
|b a critical edition, with English translation and commentary, of Book 7 of Alhacen's De Aspectibus /
|c A. Mark Smith.
|
| 264 |
|
1 |
|a Philadelphia :
|b American Philosophical Society,
|c [2010]
|
| 264 |
|
4 |
|c ©2010
|
| 300 |
|
|
|a 2 volumes (cxxviii, 550 pages) :
|b illustrations ;
|c 26 cm.
|
| 336 |
|
|
|a text
|b txt
|2 rdacontent
|
| 337 |
|
|
|a unmediated
|b n
|2 rdamedia
|
| 338 |
|
|
|a volume
|b nc
|2 rdacarrier
|
| 490 |
1 |
|
|a Transactions of the American Philosophical Society, held at Philadelphia for promoting useful knowledge ;
|v v. 100, pt. 3, sections 1 & 2
|
| 504 |
|
|
|a Includes bibliographical references (pages 517-535) and indexes.
|
| 505 |
0 |
|
|a v. 1. Introduction and Latin text -- v. 2. English translation.
|
| 650 |
|
0 |
|a Optics
|v Early works to 1800.
|
| 650 |
|
0 |
|a Refraction
|v Early works to 1800.
|
| 700 |
0 |
2 |
|a Alhazen,
|d 965-1039.
|t Manāẓir.
|n Book 7.
|l English.
|
| 700 |
0 |
2 |
|a Alhazen,
|d 965-1039.
|t Manāẓir.
|n Book 7.
|l Latin.
|s (Smith)
|
| 700 |
1 |
|
|a Smith, A. Mark.
|
| 710 |
2 |
|
|a American Philosophical Society.
|
| 830 |
|
0 |
|a Transactions of the American Philosophical Society ;
|v v. 100, pt. 3.
|
| 948 |
|
|
|a cataloged
|b h
|c 2010/12/10
|d c
|e jolivare
|f 10:07:00 am
|
| 994 |
|
|
|a C0
|b TXA
|
| 999 |
|
|
|a MARS
|
| 999 |
f |
f |
|s c62e1c4b-5f70-305f-90b4-6b6c202736ad
|i 7237a4a3-5cfc-39df-af51-9100dabcc6f2
|t 0
|
| 952 |
f |
f |
|p ric
|a Texas A&M University
|b Rellis Campus
|c Joint Library Facility
|d Remote Storage
|t 0
|e Q11 .P6 v.100, pt.3
|h Library of Congress classification
|i unmediated -- volume
|k v.1=v.100, pt.3 section 1
|m A14839474429
|
| 952 |
f |
f |
|p ric
|a Texas A&M University
|b Rellis Campus
|c Joint Library Facility
|d Remote Storage
|t 0
|e Q11 .P6 v.100, pt.3
|h Library of Congress classification
|i unmediated -- volume
|k v.2=v.100, pt.3 section 2
|m A14839474461
|
| 998 |
f |
f |
|a Q11 .P6 v.100, pt.3
|s v.2=v.100, pt.3 section 2
|t 0
|l Remote Storage
|